Scrambled Words Ending in “K” - Statistics

General Stats
  • This quiz has been taken 38 times
  • The average score is 21 of 30
Answer Stats
Hint Answer % Correct
kttcaA Attack
97%
Ckahl Chalk
97%
lFask Flask
97%
Hcijka Hijack
97%
ikQur Quirk
94%
oSokh Shook
94%
amkmcoH Hammock
88%
Erbmak Embark
85%
ihkWs Whisk
85%
keaWr Wreak
82%
otOklou Outlook
79%
aykPacb Payback
79%
Suqake Squeak
79%
Dksaam Damask
73%
kerSih Shriek
70%
itLkcpis Lipstick
67%
eOskilb Obelisk
67%
vreRbaink Riverbank
67%
kewNrto Network
64%
Pcoakec Peacock
64%
klaHamlr Hallmark
61%
ikesAstr Asterisk
58%
Fekbceda Feedback
58%
Frkreoamw Framework
55%
kcimoesH Homesick
52%
mkaratreW Watermark
52%
Hkbonaod Handbook
48%
uHcbknahc Hunchback
48%
Mkooctbha Matchbook
45%
cLvoeitks Livestock
24%
No matching quizzes found
Score Distribution
Percent of People with Each Score
Percentile by Number Answered
Your Score History
You have not taken this quiz